Rural housing: third report of the rural housing sub- committee of the central housing advisory committee (Record no. 425593)

000 -LEADER
fixed length control field 00434cam a22001097a 4500
008 - FIXED-LENGTH DATA ELEMENTS--GENERAL INFORMATION
fixed length control field 180718b1944 xxu||||| |||| 00| 0 eng d
082 ## - DEWEY DECIMAL CLASSIFICATION NUMBER
Classification number XA7x42 Un3/3
100 ## - MAIN ENTRY--PERSONAL NAME
Personal name Central Housing Advisory Committee
245 ## - TITLE STATEMENT
Title Rural housing: third report of the rural housing sub- committee of the central housing advisory committee
Statement of responsibility, etc. by Central Housing Advisory Committee
260 ## - PUBLICATION, DISTRIBUTION, ETC.
Place of publication, distribution, etc. London
Name of publisher, distributor, etc. His Majesty's Stationery Office
Date of publication, distribution, etc. 1944
300 ## - PHYSICAL DESCRIPTION
Extent 67+p.
Holdings
Withdrawn status Lost status Damaged status Not for loan Permanent Location Current Location Date acquired Full call number Barcode Date last seen Price effective from Koha item type
        Indian Institute of Public Administration Indian Institute of Public Administration 2009-10-12 XA7x42 Un3/3 11091 2018-07-21 2018-07-21 Book

Powered by Koha